000 00576nam a2200193Ia 4500
003 GCL
008 140319s9999 xx 000 0 ara d
040 _aGCL /
_cGCL
082 0 4 _aد
_b050
_bا ش
100 1 _aوزارة الثقافة والارشاد القومى
245 1 0 _aالشعر /
_cوزارة الثقافة والارشاد القومى
300 _aمتعدد
490 _aموسوعة عالم الطبخ
_v0
650 0 4 _aالادب العربى
650 0 4 _aالشعر
650 0 4 _aدوريات
650 0 4 _aالمجموعات
942 _2ddc
_cBK
999 _c27095
_d27095